Core principles and applications of corporate finance . / (Record no. 7471)
[ view plain ]
| 000 -LEADER | |
|---|---|
| fixed length control field | 01576nam a22002297a 4500 |
| 003 - CONTROL NUMBER IDENTIFIER | |
| control field | OSt |
| 005 - DATE AND TIME OF LATEST TRANSACTION | |
| control field | 20220317111325.0 |
| 008 - FIXED-LENGTH DATA ELEMENTS--GENERAL INFORMATION | |
| fixed length control field | 120612t xxu||||| |||| 00| 0 eng d |
| 020 ## - INTERNATIONAL STANDARD BOOK NUMBER | |
| International Standard Book Number | 9780071310703 |
| 040 ## - CATALOGING SOURCE | |
| Transcribing agency | LC |
| 050 ## - LIBRARY OF CONGRESS CALL NUMBER | |
| Classification number | HG4026.C79 |
| 245 ## - TITLE STATEMENT | |
| Title | Core principles and applications of corporate finance . / |
| Statement of responsibility, etc. | Stephen A. Ross ...[et al.] |
| 250 ## - EDITION STATEMENT | |
| Edition statement | 3rd ed. |
| 260 ## - PUBLICATION, DISTRIBUTION, ETC. | |
| Place of publication, distribution, etc. | Boston: |
| Name of publisher, distributor, etc. | McGraw-Hill, |
| Date of publication, distribution, etc. | 2011. |
| 300 ## - PHYSICAL DESCRIPTION | |
| Extent | 752 p.: |
| Other physical details | ill.; |
| 500 ## - GENERAL NOTE | |
| General note | Includes index. |
| 505 ## - FORMATTED CONTENTS NOTE | |
| Formatted contents note | Contents: Introduction to corporate finance -- Financial statements and cash flow -- Financial statements analysis and financial models -- Valuation and capital budgeting: Discounted cash flow valuation -- Interest rates and bond valuation -- Stock valuation -- Net present value and other investment rules -- Making capital investment decisions -- Risk analysis, real options and capital budgeting -- Risk and return: Risk and return lessons from market history -- Return and risk: the capital asset pricing model -- Risk, cost of capital and capital budgeting -- Capital structure and dividend policy: Efficient capital markets and behavioral challenges -- Capital structure; basic concepts -- Capital structure; limits to the use of debt -- Dividends and other payouts -- Special topics: Options and corporate finance -- Short-term finance and planning -- Raising capital -- International corporate finance -- Mergers and acquisitions -- Appendixes. |
| 650 ## - SUBJECT ADDED ENTRY--TOPICAL TERM | |
| Topical term or geographic name entry element | Corporations |
| General subdivision | Finance |
| 650 ## - SUBJECT ADDED ENTRY--TOPICAL TERM | |
| Topical term or geographic name entry element | Business enterprises |
| General subdivision | Finance. |
| 700 ## - ADDED ENTRY--PERSONAL NAME | |
| Personal name | Ross, Stephen A. |
| 942 ## - ADDED ENTRY ELEMENTS (KOHA) | |
| Source of classification or shelving scheme | Library of Congress Classification |
| Koha item type | Books |
| Withdrawn status | Lost status | Source of classification or shelving scheme | Damaged status | Not for loan | Home library | Current library | Shelving location | Date acquired | Source of acquisition | Full call number | Barcode | Date last seen | Price effective from | Koha item type | Copy number |
|---|---|---|---|---|---|---|---|---|---|---|---|---|---|---|---|
| Library of Congress Classification | WISCONSIN INTERNATIONAL UNIVERSITY COLLEGE, GHANA - MAIN LIBRARY | WISCONSIN INTERNATIONAL UNIVERSITY COLLEGE, GHANA - MAIN LIBRARY | General Stacks | 14/06/2023 | HG4026.C79(3e) | 9351/052/23 | 14/06/2023 | 14/06/2023 | Books | 1 | |||||
| Library of Congress Classification | WISCONSIN INTERNATIONAL UNIVERSITY COLLEGE, GHANA - MAIN LIBRARY | WISCONSIN INTERNATIONAL UNIVERSITY COLLEGE, GHANA - MAIN LIBRARY | General Stacks | 14/06/2023 | HG4026.C791(3e) | 9352/053/23 | 14/06/2023 | 14/06/2023 | Books | 2 | |||||
| Library of Congress Classification | WISCONSIN INTERNATIONAL UNIVERSITY COLLEGE, GHANA - MAIN LIBRARY | WISCONSIN INTERNATIONAL UNIVERSITY COLLEGE, GHANA - MAIN LIBRARY | General Stacks | 14/06/2023 | HG4026.C792(3e) | 9532/233/23 | 14/06/2023 | 14/06/2023 | Books | 3 | |||||
| Library of Congress Classification | WISCONSIN INTERNATIONAL UNIVERSITY COLLEGE, GHANA KUMASI LIBRARY | WISCONSIN INTERNATIONAL UNIVERSITY COLLEGE, GHANA KUMASI LIBRARY | General Stacks | 15/11/2019 | STM | HG4026.C79 | K/2468/2468/19 | 11/07/2020 | 11/07/2020 | Books |
